El cruce / (Registro nro. 198461)
[ vista simple ]
| 000 -LEADER | |
|---|---|
| campo de control de longitud fija | 01037nam a2200325 i 4500 |
| 001 - NÚMERO DE CONTROL | |
| campo de control | 198461 |
| 003 - IDENTIFICADOR DE NÚMERO DE CONTROL | |
| campo de control | ES-MaACL |
| 005 - FECHA Y HORA DE LA ÚLTIMA TRANSACCIÓN | |
| campo de control | 20260617175544.0 |
| 007 - CAMPO FIJO DE DESCRIPCIÓN FÍSICA--INFORMACIÓN GENERAL | |
| campo de control de longitud fija | ta |
| 008 - DATOS DE LONGITUD FIJA--INFORMACIÓN GENERAL | |
| campo de control de longitud fija | 260617s2024 ag ||||| |||| 001 0 spa d |
| 020 ## - NÚMERO INTERNACIONAL ESTÁNDAR DEL LIBRO | |
| Número Internacional Estándar del Libro | 978-987-8456-76-8 |
| 040 ## - FUENTE DE CATALOGACIÓN | |
| Centro catalogador/agencia de origen | ES-MaACL |
| Lengua de catalogación | spa |
| Centro/agencia transcriptor | ES-MaACL |
| Normas de descripción | rda |
| 044 ## - CÓDIGO DEL PAÍS DE LA ENTIDAD EDITORA/PRODUCTORA | |
| Código MARC del país | ag |
| 080 ## - NÚMERO DE LA CLASIFICACIÓN DECIMAL UNIVERSAL | |
| Número de la Clasificación Decimal Universal | 821.134.2-14"19" |
| 100 1# - ENTRADA PRINCIPAL--NOMBRE DE PERSONA | |
| Relación | aut |
| Nombre de persona | Rosa, Mariana |
| Término indicativo de función/relación | Autor |
| 9 (RLIN) | 243220 |
| 245 13 - MENCIÓN DEL TÍTULO | |
| Título | El cruce / |
| Mención de responsabilidad, etc. | Mariana Rosa |
| 264 #1 - PRODUCCIÓN, PUBLICACIÓN, DISTRIBUCIÓN, FABRICACIÓN Y COPYRIGHT | |
| Producción, publicación, distribución, fabricación y copyright | Rada Tilly : |
| Nombre del de productor, editor, distribuidor, fabricante | Espacio Hudson, |
| Fecha de producción, publicación, distribución, fabricación o copyright | 2024 |
| 264 #4 - PRODUCCIÓN, PUBLICACIÓN, DISTRIBUCIÓN, FABRICACIÓN Y COPYRIGHT | |
| Fecha de producción, publicación, distribución, fabricación o copyright | ©2024 |
| 300 ## - DESCRIPCIÓN FÍSICA | |
| Extensión | 51 páginas ; |
| Dimensiones | 22 cm |
| 336 ## - TIPO DE CONTENIDO | |
| Fuente | rdacontent |
| Término de tipo de contenido | Texto |
| 337 ## - TIPO DE MEDIO | |
| Fuente | rdamedia |
| Nombre/término del tipo de medio | sin mediación |
| 338 ## - TIPO DE SOPORTE | |
| Fuente | rdacarrier |
| Nombre/término del tipo de soporte | volumen |
| 500 ## - NOTA GENERAL | |
| Nota general | Registro provisional |
| 500 ## - NOTA GENERAL | |
| Nota general | Ejemplar firmado y dedicado por la autora |
| 655 #4 - TERMINO DE INDIZACIÓN--GENERO/FORMA | |
| Datos o término principal de género/forma | Poesías |
| 9 (RLIN) | 176539 |
| 852 ## - LOCALIZACIÓN | |
| Ubicación | ES-MaACL |
| Ubicación en estantería | Despachos-biblioteca |
| Número de control de estantería | DB-234 |
| Donativo/Legado | Donación: Mariana Rosa |
| Encuadernación | Encuadernación rústica con solapas |
| Anotaciones manuscritas | Dedicatoria autógrafa de la autora |
| 942 ## - ELEMENTOS DE ENTRADA SECUNDARIOS (KOHA) | |
| Tipo de ítem Koha | Libro impreso |
| Suprimir en OPAC | No |
| Estatus retirado | Estado de pérdida | Fuente del sistema de clasificación o colocación | Estado de daño | No para préstamo | Biblioteca de origen | Biblioteca actual | Ubicación en estantería | Fecha de adquisición | Fuente de adquisición | Total de préstamos | Signatura topográfica completa | Código de barras | Visto por última vez | Precio de reemplazo | Tipo de ítem Koha | Nota pública |
|---|---|---|---|---|---|---|---|---|---|---|---|---|---|---|---|---|
| Clasificación decimal universal | Biblioteca del Ateneo de Madrid | Biblioteca del Ateneo de Madrid | Despachos-biblioteca | 15/06/2026 | Donación | DB-234 | 2026-0483 | 17/06/2026 | 17/06/2026 | Libro impreso | Dedicatoria autógrafa de la autora |
